Thanh lọc các dòng lúa thơm (Oryza sativa L.) mang gen kháng rầy nâu (Nilaparvata lugens Stal) bằng dầu phân tử SSR trên quần thể hồi giao : Luận văn tốt nghiệp Cao học ngành Công nghệ sinh học

Đề tài chọn lọc những cá thể có kiểu hình kháng với rầy nâu, các dòng mang gen kháng rầy nâu từ quần thể lai hồi giao thông qua cgỉ thị phân tử SSR tại các vùng sinh thái Cần Thơ, An Giang và Sóc Trăng....

وصف كامل

محفوظ في:
التفاصيل البيبلوغرافية
المؤلف الرئيسي: Nguyễn, Minh Hòn
التنسيق: كتاب
اللغة:Undetermined
منشور في: Cần Thơ Trường Đại học Cần Thơ 2015
الموضوعات:
الوسوم: إضافة وسم
لا توجد وسوم, كن أول من يضع وسما على هذه التسجيلة!
Thư viện lưu trữ: Trung tâm Học liệu Trường Đại học Cần Thơ
LEADER 01146nam a2200205Ia 4500
001 CTU_202523
008 210402s9999 xx 000 0 und d
082 |a 633.18 
082 |b H429 
100 |a Nguyễn, Minh Hòn 
245 0 |a Thanh lọc các dòng lúa thơm (Oryza sativa L.) mang gen kháng rầy nâu (Nilaparvata lugens Stal) bằng dầu phân tử SSR trên quần thể hồi giao : 
245 0 |b Luận văn tốt nghiệp Cao học ngành Công nghệ sinh học 
245 0 |c Nguyễn Minh Hòn ; Trần Nhân Dũng (Cán bộ hướng dẫn) 
260 |a Cần Thơ 
260 |b Trường Đại học Cần Thơ 
260 |c 2015 
520 |a Đề tài chọn lọc những cá thể có kiểu hình kháng với rầy nâu, các dòng mang gen kháng rầy nâu từ quần thể lai hồi giao thông qua cgỉ thị phân tử SSR tại các vùng sinh thái Cần Thơ, An Giang và Sóc Trăng. 
650 |a Cây lúa,Rice 
904 |i Hải 
980 |a Trung tâm Học liệu Trường Đại học Cần Thơ